1064 1767 1911 1838 1078 1006 1500 1400 1009 1689 1830 1010 1259 1134 1627 1502 1302 1545 1333 1570 1009 1057 1748 1160 1211 1570 1875 1873 1073 1714 1655 1391 1486 1168 1317 1231 1314 1836 1747 1820 1845 2000 1971 1854 1879 1744 1784 1489 1069 1088 1396 1713 1609 1773 1545 1314 1983 1109 1185 1997 1531 1597 1874 1584 1744 1329 1992 1850 1592 1957 1214 1527 1584 1148 1600 1832 1885 1446 1515 1701 1702 1397 1072 1294 1869 1802 1521 1278 1965 1873 1572 1696 1133 1214 1170 1907 1945 1565 1551 BCNSPRNW ULIB Ver.6.0+V

เปลี่ยนเป็นภาษาไทย

Change to English
 แสดงรายละเอียดบรรณานุกรม
  กลับหน้าหลัก

Brief Record : Get Marc (ISO 2709) : E-mail record : QR code < ปิดหน้าต่าง
LEADER : 00000nam 2200000uu 4500
001    13399108927
003     ULIB
008    110316s2544||||th 000 0 tha d
060  4 WA1JT3^bพ361รร 2544
110 1  กระทรวงสาธารณสุข^bสำนักงานปลัดกระทรวง^bสถาบันพระบรมราชชนก
245 10 รายงานประจำปี 2544=^bPraboromarajchanok institute of HMD/^cสถาบันพระบรมราชชนก
246 31 Praboromarajchanok institute of HMD
260    นนทบุรี:^bสถาบันพระบรมราชชนก,^c2544
300    83 หน้า
650  7 รายงานประจำปี 2544
945    ^p0^l0^i014392
995    ทศพร
999 ^a ใช้งานได้ทุกระบบ
รายการนี้ยังไม่มีแท็ก
คุณยังไม่ได้ล็อกอิน คุณสามารถมีกิจกรรมร่วมกับเว็บไซต์ได้ แต่ต้องล็อกอินก่อน ::
  ล็อกอิน

รายการสื่อสารสนเทศ

ลำดับที่ ประเภท เลขเรียก/บาร์โค้ด สถานที่ สถานะ
- ไม่พบข้อมูล -

BibComment


ยังไม่เคยถูกคอมเมนท์

คอมเมนท์ทรัพยากรรายการนี้
  คอมเมนท์: รายงานประจำปี 254..


 Copyright 2026. Bcnsprnw @Library